000 00363nam a22001697a 4500
005 20251106115156.0
020 _a9781484200292
041 _aEnglish
082 _a005.133 Q17 HET
100 _aHetland Magnus Lie
245 _aBeginning Python
250 _a03
260 _aNew York
_bSpringer
_c2017
300 _a527
365 _b1000.00
942 _cBK
999 _c176415
_d176415